Statistieken voor Ethiopië Trivia Quiz

Klik hier om de quiz te nemen!

Algemene statistieken

  • Deze quiz is 356 keer genomen
  • De gemiddelde score is 11 van 19

Antwoordstatistieken

VraagAntwoord% Correct
Wat is het kleinste land waar het aan grenst?Djibouti
92%
Wat is het grootste land dat aan Ethiopië grenst?Soedan
91%
Welk land heeft zich in 1993 afgescheiden van Ethiopië?Eritrea
88%
Wat is de hoofdstad van Ethiopië?Addis Abeba
83%
In welke geografische regio ligt Ethiopië?{Hoorn} van Afrika
80%
Welke grote internationale organisatie is in die stad gevestigd?{Afrikaanse} Unie
71%
Welk land viel Ethiopië binnen in 1936?Italië
69%
Welk Olympisch evenement won Abebe Bikila in 1960 en 1964 zonder schoenen te dragen?Marathon
66%
Welke grote rivier stroomt door het land?{Blauwe} Nijl
62%
Welk gewas komt uit Ethiopië en is tegenwoordig
een van de grootste exportproducten van het land?
Koffie
47%
Welke tak van het christendom wordt beoefend door een groot aantal Ethiopiërs?Ethiopisch {Orthodox}
46%
In 1974 werd het skelet van een vroege mensachtige van 3,2 miljoen jaar oud gevonden in Ethiopië. Wat was de vrouwelijke naam van dit skelet?Lucy
44%
Wie was van 1930 tot 1975 keizer van Ethiopië?Haile Selassie
42%
Welke religie aanbidt die keizer als zijn Messias?Rastafari
41%
Wat is de officiële taal van Ethiopië?Amhaars
40%
Hoe heette Ethiopië vroeger?Abessinië
38%
Welk oud religieus artefact beweert een kerk in Ethiopië te bezitten?Ark van het Verbond
29%
Welke stad in Ethiopië was het centrum van een rijk dat bestond van 100 n.C. - 940 n.C.?Aksum
25%
Wat is de valuta van Ethiopië?Birr
25%

Scoreverdeling

Percentiel versus Aantal Correcte Antwoorden

Procent van Mensen met Elke Score

Uw Scoregeschiedenis

U heeft deze quiz nog niet genomen